Případy Afrodity Rossové. Dědictví skotských templářů /

Další díl detektivní série českého autora, v níž se prolíná přítomnost s minulostí. Tentokrát bude Afrodita Rossová pátrat po templářském pokladu ve Skotsku.

Uloženo v:
Série:Případy Afrodity Rossové, část 2
Hlavní autor: Vondruška, Vlastimil, 1955- (Autor)
Médium: Kniha
Jazyk:Czech
Vydáno: Brno : MOBA, 2026
Vydání:Vydání první
Témata:
Celkem bylo vypůjčeno:1x
Příbuzné jednotky:Z cyklu:: Případy Afrodity Rossové
Tagy:
Žádné tagy
LEADER 02262cam a2200397 i 4500
001 106334
003 CZ PrNK
005 20260514073259.0
007 ta
008 260430s2026 xr g 000 f cze d
015 |a cnb003737805 
020 |a 9788027924677  |q (vázáno) 
040 |a BOG001  |b cze  |d BOG001  |d ABG001  |e rda 
072 7 |a 821.162.3-3  |x Česká próza  |2 Konspekt  |9 25 
080 |a 821.162.3-31  |2 MRF 
080 |a (0:82-312.4)  |2 MRF 
100 1 |a Vondruška, Vlastimil,  |d 1955-  |7 xx0004129  |4 aut  |9 12746 
245 1 0 |a Případy Afrodity Rossové.  |p Dědictví skotských templářů /  |c Vlastimil Vondruška 
246 3 0 |a Dědictví skotských templářů 
250 |a Vydání první 
264 1 |a Brno :  |b MOBA,  |c 2026 
300 |a 236 stran ;  |c 21 cm 
336 |a text  |b txt  |2 rdacontent 
337 |a bez média  |b n  |2 rdamedia 
338 |a svazek  |b nc  |2 rdacarrier 
520 2 |a Další díl detektivní série českého autora, v níž se prolíná přítomnost s minulostí. Tentokrát bude Afrodita Rossová pátrat po templářském pokladu ve Skotsku.  |b Lingvistka a historička Afrodita Rossová publikuje nález pokladu, ukrytého templáři na Templštejně, což samozřejmě vyvolá zájem nejen odborníků. Obrátí se na ni i její skotský strýc Malcolm a prosí ji, aby za ním přijela. Podle dávné legendy je totiž někde na Skotské vysočině ukryt templářský poklad. V tom ho utvrzuje prastarý rukopis, který je uložen v rodovém archivu. Dita ráda poslechne, jenže hned od příletu do Edinburghu se věci nevyvíjejí zdaleka tak, jak předpokládala. Zvláště poté, co na strýcově hradu dojde k vraždě a mezi podezřelými se ocitne i její přítel. Nakladatelská anotace. 
655 7 |a české romány  |7 fd133974  |2 czenas  |9 54031 
655 7 |a detektivní romány  |7 fd132010  |2 czenas  |9 53536 
655 9 |a Czech fiction  |2 eczenas 
655 9 |a detective novels  |2 eczenas 
710 2 |a Nakladatelství MOBA  |7 ko2011627903  |4 pbl  |9 117207 
787 0 8 |i Z cyklu:  |t Případy Afrodity Rossové  |g 2 
910 |a UOG502 
942 |2 ddc  |c KN 
999 |d 106334 
993 |0 0  |1 421180107055  |2 ddc  |4 0  |7 0  |9 99716  |b 0  |c 107055  |d 2026-05-14  |e 1  |f DOSP  |h 369.00  |i Koupě  |l DOSP  |q 2026-06-26  |r 2026-05-15  |s 2026-05-15  |t 6  |w 2026-05-14  |y KN  |z KRIMI  |n